LEADER 00453naa a2200133 i 4500 001 000000303801 003 CaOOAMICUS 005 20180831172806.0 008 180831n xx u000 u und u 013 $a11581 040 $aSeMil$bita 100 1 $aBresciani, Carlo .$0(OLS)http://semarc/name/19268 245 13$aLa Chiesa comprende nel suo seno i peccatori. 996 $6245$aLa Chiesa comprende nel suo seno i peccatori$9(OLS)http://semarc/title/379757 LEADER 01252nam a2200277 i 4500 001 000000066689 003 CaOOAMICUS 005 20140128000000.0 008 140128s1977 it u000 u ita u 013 $a37861 040 $aSeMil$bita 100 1 $aCenacchi, Giuseppe <1931- >.$0(OLS)http://semarc/name/16725 245 13$aIl lavoro nel pensiero di Tommaso d'Aquino /$cGiuseppe Cenacchi. 260 $aRoma :$bColetti,$c1977. 260 $aRoma :$bPontificia Accademia di S. Tommaso e di Religione Cattolica,$c1977. 300 $a195 p. ;$c24 cm. 490 0 $aStudi tomistici ;$v5 500 $aContiene : Appendice. 600 04$aTommaso : d'Aquino .$0(OLS)http://semarc/subject/115 650 4$aLavoro - Dottrina cristiana.$0(OLS)http://semarc/subject/5369 830 0$aStudi tomistici ;$v5.$0(OLS)http://semarc/title/161 850 $aSeMil 852 $aSeMil$W1$xVenegono$y1$m2N IV 274$j32842$B32842$CSeMilBibl$Z2$F32845 $81 996 $6245$aIl lavoro nel pensiero di Tommaso d'Aquino$9(OLS)http://semarc/title/106094 996 $6260$aRoma :$bPontificia Accademia di S. Tommaso e di Religione Cattolica$9(OLS)http://semarc/publisher/42689 996 $6260$aRoma :$bColetti$9(OLS)http://semarc/publisher/31497 LEADER 00939nam a2200217 i 4500 001 000000076060 003 CaOOAMICUS 005 20231026122121.0 008 110824s1893 it u000 u ita u 040 $aSeMil$bita 100 1 $aDe Amicis, Edmondo,$d<1846-1908>.$0(OLS)http://semarc/name/11356 245 13$aLa vita militare :$bbozzetti /$cdi Edmondo De Amicis ; con disegni di Bignami ... [et al.]. 250 $a3. ed. illustrata con nuove incisioni aggiunte. 260 $aMilano :$bFratelli Treves,$c1893. 300 $a393 p. ;$cill. ;$c30 cm. 700 1 $aBignami, Vespasiano,$d<1841-1929>,$eillustratore.$0(OLS)http://semarc/name/37522 850 $aSeMil 852 $aSeMil$W1$xVenegono$y1$m1H VII 6 FA$j42212$B42212$CSeMilBibl$Z2$F42216 $8I 996 $6245$aLa vita militare :$bbozzetti$9(OLS)http://semarc/title/123185 996 $6260$aMilano :$bFratelli Treves$9(OLS)http://semarc/publisher/30212